Examen histórico de la reforma constitucional que hicieron las Cortes Generales y Estraordinarias desde que se instalaron en la Isla de León (Record no. 25401)
[ view plain ]
| 000 -LEADER | |
|---|---|
| campo de control de longitud fija | 01051nam a2200229 i 4500 |
| 001 - NÚMERO DE CONTROL | |
| campo de control | 25401 |
| 003 - IDENTIFICADOR DE NÚMERO DE CONTROL | |
| campo de control | ES-MaACL |
| 005 - FECHA Y HORA DE LA ÚLTIMA TRANSACCIÓN | |
| campo de control | 20250811052457.0 |
| 007 - CAMPO FIJO DE DESCRIPCIÓN FÍSICA--INFORMACIÓN GENERAL | |
| campo de control de longitud fija | t| |
| 008 - DATOS DE LONGITUD FIJA--INFORMACIÓN GENERAL | |
| campo de control de longitud fija | 021226s1835 xxk |||| | spa d |
| 080 ## - NÚMERO DE LA CLASIFICACIÓN DECIMAL UNIVERSAL | |
| Número de la Clasificación Decimal Universal | 342(460)"1810/13" |
| 100 1# - ENTRADA PRINCIPAL--NOMBRE DE PERSONA | |
| Nombre de persona | Argüelles, Agustín, |
| Fechas asociadas al nombre | 1776-1844 |
| 9 (RLIN) | 22710 |
| 245 10 - MENCIÓN DEL TÍTULO | |
| Título | Examen histórico de la reforma constitucional que hicieron las Cortes Generales y Estraordinarias desde que se instalaron en la Isla de León |
| Resto del título | : el día 24 de setiembre de 1810, hasta que cerraron en Cádiz sus sesiones en 14 del propio mes de 1813 / |
| Mención de responsabilidad, etc. | por Agustín de Argüelles. |
| 260 ## - PUBLICACIÓN, DISTRIBUCIÓN, ETC. | |
| Lugar de publicación, distribución, etc. | Londres : |
| Nombre del editor, distribuidor, etc. | [s.n.], |
| Fecha de publicación, distribución, etc. | 1835 ( |
| Fabricante | Imp. de Carlos Wood e Hijo) |
| 300 ## - DESCRIPCIÓN FÍSICA | |
| Extensión | 2 v. (VIII, 479 ; VII, 459 p.) ; |
| Dimensiones | 21 cm. |
| 530 ## - NOTA DISPONIBLE DE FORMULARIO FÍSICO ADICIONAL | |
| Nota de formato físico adicional disponible | Disponible en formato digital. |
| 610 14 - PUNTO DE ACCESO ADICIONAL DE MATERIA--NOMBRE DE ENTIDAD CORPORATIVA | |
| Nombre de entidad corporativa o nombre de jurisdicción como elemento de entrada | España. |
| Unidad subordinada | Cortes de Cádiz |
| 9 (RLIN) | 3663 |
| 651 #4 - PUNTO DE ACCESO ADICIONAL DE MATERIA--NOMBRE GEOGRÁFICO | |
| Nombre geográfico | España- |
| Subdivisión general | Historia constitucional- |
| Subdivisión cronológica | S.XIX. |
| 9 (RLIN) | 8367 |
| 852 ## - LOCALIZACIÓN | |
| Ubicación | ES-MaACL |
| Número de control de estantería | D-4128-29 |
| 856 ## - LOCALIZACIÓN Y ACCESO ELECTRÓNICOS | |
| Identificador Uniforme de Recursos | <a href="http://bdh-rd.bne.es/viewer.vm?id=0000042636&page=1 ">http://bdh-rd.bne.es/viewer.vm?id=0000042636&page=1 </a> |
| Nota pública | Biblioteca Digital Hispánica |
| Estatus retirado | Estado de pérdida | Estado de daño | No para préstamo | Colección | Biblioteca de origen | Biblioteca actual | Ubicación en estantería | Fecha de adquisición | Fuente de adquisición | Total de préstamos | Signatura topográfica completa | Código de barras | Visto por última vez | Precio de reemplazo | Tipo de ítem Koha |
|---|---|---|---|---|---|---|---|---|---|---|---|---|---|---|---|
| Colección digital | Biblioteca del Ateneo de Madrid | Biblioteca del Ateneo de Madrid | Sala Valle Inclán | 17/01/2008 | D-4128-29 | 901026187 | 23/02/2023 | 23/02/2023 | Libro impreso antiguo |
